| 000 | 00000nas##2200000za#4500 |
| 001 | 9.507327 |
| 003 | CaOODSP |
| 005 | 20231123084320 |
| 007 | cr ||||||||||| |
| 008 | 150406c1999||||xxc|| p o||||f| |0eng|d |
| 040 | |aCaOODSP|beng |
| 043 | |an-cn--- |
| 086 | 1 |aFR2-4E-PDF |
| 110 | 1 |aCanada. |bForeign Affairs and International Trade Canada. |
| 245 | 10|aPEMD annual report |h[electronic resource] |
| 246 | 13|aProgram for Export Market Development - annual report |
| 260 | |aOttawa - Ontario : |bForeign Affairs and International Trade |
| 310 | |aAnnual |
| 362 | 1 |a[1998/1999]-[2006/2007] |
| 500 | |aPublished by International Trade Canada, 2004-2005. |
| 690 | 07|aAnnual reports|2gcpds |
| 690 | 07|aExports|2gcpds |
| 690 | 07|aMarket development|2gcpds |
| 775 | 08|tPDME - rapport annuel |w(CaOODSP)9.503716 |